Państwa Świata BEZ EUROPY - Statystyki

Ogólne statystyki
  • Ten quiz został rozwiązany 533 razy
    503 od ostatniego zresetowania
  • Średni wynik to 84 z 152
Odpowiedzi na mapie
Odpowiedzi zakodowano w zielono-czerwonej skali na mapie do tego quizu, zgodnie z poniższymi procentami.
 
Statystyki odpowiedzi
Kraj % Poprawnych
Stany Zjednoczone
95%
Brazylia
91%
Chiny
91%
Kanada
91%
Australia
89%
Indie
89%
Japonia
89%
Meksyk
89%
Rosja
89%
Argentyna
87%
Chile
85%
Egipt
85%
Korea Północna
85%
Korea Południowa
85%
Niger
83%
Turcja
83%
Kazachstan
82%
Arabia Saudyjska
81%
Madagaskar
81%
Maroko
80%
Nigeria
80%
Peru
80%
Irak
79%
Iran
79%
Kolumbia
79%
Republika Południowej Afryki
79%
Algieria
78%
Kuba
78%
Mongolia
77%
Boliwia
75%
Wenezuela
75%
Kenia
72%
Pakistan
71%
Paragwaj
71%
Etiopia
70%
Indonezja
70%
Izrael
70%
Libia
70%
Afganistan
69%
Nowa Zelandia
68%
Oman
68%
Sudan
68%
Tunezja
68%
Urugwaj
68%
Demokratyczna Republika Konga
67%
Ekwador
67%
Czad
66%
Dominika
66%
Filipiny
66%
Jemen
66%
Tajlandia
66%
Zjednoczone Emiraty Arabskie
65%
Kongo
64%
Wietnam
64%
Somalia
63%
Angola
62%
Panama
62%
Uzbekistan
62%
Sri Lanka
61%
Dominikana
60%
Gwinea
60%
Mali
60%
Turkmenistan
60%
Gruzja
58%
Malezja
58%
Papua-Nowa Gwinea
58%
Cypr
57%
Kambodża
56%
Nepal
56%
Tadżykistan
56%
Tanzania
56%
Zambia
56%
Sudan Południowy
55%
Tajwan
55%
Armenia
54%
Bangladesz
54%
Haiti
54%
Jordania
54%
Syria
54%
Gujana
53%
Jamajka
53%
Katar
53%
Liban
53%
Azerbejdżan
51%
Kostaryka
51%
Kirgistan
50%
Senegal
50%
Wybrzeże Kości Słoniowej
49%
Laos
48%
Mauretania
48%
Republika Środkowoafrykańska
48%
Salwador
48%
Zimbabwe
48%
Malediwy
47%
Botswana
46%
Ghana
46%
Mjanma
46%
Mozambik
46%
Erytrea
45%
Seszele
44%
Singapur
44%
Fidżi
43%
Gwinea Równikowa
43%
Togo
43%
Uganda
43%
Wyspy Marshalla
43%
Bahamy
42%
Belize
42%
Gwatemala
42%
Nikaragua
42%
Surinam
42%
Wyspy Salomona
42%
Namibia
41%
Liberia
39%
Mikronezja
39%
Gabon
38%
Kuwejt
38%
Republika Zielonego Przylądka
38%
Bhutan
37%
Honduras
37%
Rwanda
36%
Gambia
35%
Gwinea Bissau
35%
Barbados
34%
Kamerun
34%
Mauritius
34%
Timor Wschodni
34%
Burundi
33%
Lesotho
33%
Burkina Faso
32%
Dżibuti
32%
Saint Lucia
32%
Wyspy Świętego Tomasza i Książeca
32%
Kiribati
31%
Antigua i Barbuda
30%
Brunei
30%
Malawi
30%
Saint Vincent i Grenadyny
29%
Tonga
29%
Benin
28%
Eswatini
28%
Komory
28%
Saint Kitts i Nevis
27%
Grenada
26%
Palau
26%
Bahrajn
25%
Tuvalu
25%
Nauru
24%
Samoa
24%
Trynidad i Tobago
24%
Sierra Leone
22%
Vanuatu
21%
Nie znaleziono quizów pasujących do podanych kryteriów
Rozkład punktacji
Procent ludzi z każdym wynikiem
Percentyl według liczby udzielonych odpowiedzi
Twoja historia wyników
Nie rozwiązałeś tego quizu od ostatniego zresetowania